[Event "Waikato Open"]
[Site "Hamilton"]
[Date "2012.08.05"]
[Round "5.7"]
[White "Lynn, K William"]
[Black "Zhang, William Jiewen"]
[Result "1-0"]
[WhiteElo "1882"]
[BlackElo "1864"]
[PlyCount "111"]
[EventDate "2012.08.03"]
[EventType "swiss"]
[EventRounds "6"]
[SourceDate "2010.09.23"]

1. e4 e6 2. Nf3 d5 3. Nc3 Nf6 4. e5 Nfd7 5. d4 c5 6. dxc5 Bxc5 7. Bd3 Nc6 8.
Bf4 Qb6 9. O-O a6 10. a3 Qc7 11. Re1 b5 12. b4 Be7 13. Qe2 h6 14. Qe3 Bb7 15.
Nxd5 exd5 16. e6 Qd8 17. exd7+ Qxd7 18. Ne5 Nxe5 19. Qxe5 Kf8 20. Bf5 Qd8 21.
Re3 Bf6 22. Qd6+ Qxd6 23. Bxd6+ Kg8 24. Rae1 g6 25. Bd3 Kg7 26. Be5 Bc6 27.
Bxf6+ Kxf6 28. Rf3+ Kg7 29. Re7 Rhf8 30. Rc7 Be8 31. Rg3 Kf6 32. Re3 Rd8 33. f4
Bd7 34. g3 Be6 {(=)} 35. Rc6 Ra8 36. a4 Rfb8 37. axb5 axb5 38. Re5 Kg7 39. Rc5
Rb6 40. Kf2 Rab8 41. h4 h5 42. Re1 Kf6 43. Ke3 Ke7 44. Kd4 Kd6 45. Ra1 Rc6 46.
Bxb5 Rxc5 47. bxc5+ Kc7 48. Ra7+ Kd8 49. Bc6 Rb4+ 50. Ke5 Re4+ 51. Kd6 Bc8 52.
Bxd5 Rd4 53. Rxf7 Ke8 54. Re7+ Kd8 55. c4 Bf5 56. c6 1-0

[Event "Waikato Open"]
[Site "Hamilton"]
[Date "2012.08.05"]
[Round "5.8"]
[White "Wright, Caleb"]
[Black "Nolan, Graham"]
[Result "0-1"]
[WhiteElo "1979"]
[BlackElo "1657"]
[PlyCount "46"]
[EventDate "2012.08.03"]
[EventType "swiss"]
[EventRounds "6"]
[SourceDate "2010.09.23"]

1. d4 Nf6 2. c4 g6 3. f3 d5 4. cxd5 Nxd5 5. e4 Nf6 6. Nc3 Bg7 7. Be3 O-O 8. Bc4
b6 9. Nge2 Bb7 10. Qd2 c5 11. Rd1 cxd4 12. Nxd4 Nc6 13. O-O Nxd4 14. Bxd4 Qc7
15. Qe2 Rac8 16. Bb3 Rfd8 17. Bf2 Nh5 18. Rxd8+ Rxd8 19. Qe3 Ba6 20. Nd5 Qe5
21. Rb1 Nf6 22. Nb4 Qb5 23. Be1 Qf1# 0-1

[Event "Waikato Open"]
[Site "Hamilton"]
[Date "2012.08.05"]
[Round "5.9"]
[White "Rossiter, Philip E"]
[Black "Dolejs, Dan"]
[Result "1/2-1/2"]
[WhiteElo "1810"]
[BlackElo "1822"]
[PlyCount "80"]
[EventDate "2012.08.03"]
[EventType "swiss"]
[EventRounds "6"]
[SourceDate "2010.09.23"]

1. c4 g6 2. Nc3 Bg7 3. g3 Nf6 4. Bg2 O-O 5. Nf3 c5 6. O-O Nc6 7. a3 Rb8 8. Rb1
d6 9. d3 Nd7 10. Bd2 Nd4 11. b4 Nxf3+ 12. Bxf3 cxb4 13. axb4 Ne5 14. Bg2 Bg4
15. h3 Bf5 16. e4 Bd7 17. Qe2 Qc8 18. Nd5 Re8 19. Kh2 e6 20. Ne3 a6 21. f4 Nc6
22. b5 axb5 23. cxb5 Nd4 24. Qf2 Bxb5 25. Rfc1 Qd7 26. Bf1 Rec8 27. Nc4 b6 28.
Be3 Bxc4 29. Bxd4 Bxd4 30. Qxd4 Ba6 31. Rxc8+ Qxc8 32. Rxb6 Qc2+ 33. Kg1 Rxb6
34. Qxb6 Bxd3 35. Qd8+ Kg7 36. Qxd6 Bxf1 37. Qd4+ e5 38. Qxe5+ Kh6 39. Qg5+ Kg7
40. Qe5+ Kh6 1/2-1/2

[Event "Waikato Open"]
[Site "Hamilton"]
[Date "2012.08.05"]
[Round "5.10"]
[White "Shierlaw, Hamish"]
[Black "Ang, Alphaeus WeiErn"]
[Result "0-1"]
[WhiteElo "1628"]
[BlackElo "1814"]
[PlyCount "114"]
[EventDate "2012.08.03"]
[EventType "swiss"]
[EventRounds "6"]
[SourceDate "2010.09.23"]

1. e4 Nc6 2. d4 d5 3. exd5 Qxd5 4. Nf3 Bg4 5. c3 O-O-O 6. Be2 Nf6 7. h3 Bf5 8.
Be3 e5 9. dxe5 Nxe5 10. Qxd5 Rxd5 11. Nxe5 Rxe5 12. Bc4 Bg6 13. O-O a6 14. Nd2
Bd6 15. Bf4 Re7 16. Bxd6 cxd6 17. Rfe1 Rhe8 18. Rxe7 Rxe7 19. Kf1 b5 20. Be2
Nd5 21. Re1 Kd8 22. g3 Nb6 23. b3 Nd5 24. Rc1 Bf5 25. g4 Bg6 26. Bf3 Nf4 27. h4
Bd3+ 28. Kg1 Ne2+ 29. Bxe2 Rxe2 30. Nf3 Rxa2 31. Nd4 Rb2 32. Ra1 Rb1+ 33. Rxb1
Bxb1 34. Kf1 Kc7 35. Ke2 Kb6 36. b4 a5 37. bxa5+ Kxa5 38. Ke3 Kb6 39. Nb3 Ba2
40. Nd4 Kc5 41. Nf5 g6 42. Ng3 Bd5 43. Kd3 Bf3 44. g5 Bd5 45. h5 Bf3 46. hxg6
hxg6 47. Nf1 Bd5 48. Ne3 Bc4+ 49. Kd2 d5 50. f4 d4 51. cxd4+ Kxd4 52. Ng2 b4
53. Nh4 Bd5 54. f5 Be4 55. fxg6 fxg6 56. Kc1 Kc3 57. Nxg6 Bxg6 0-1

[Event "Waikato Open"]
[Site "Hamilton"]
[Date "2012.08.05"]
[Round "5.11"]
[White "Lyall, Simon"]
[Black "Mukkattu, Philip"]
[Result "0-1"]
[WhiteElo "1880"]
[BlackElo "1788"]
[PlyCount "60"]
[EventDate "2012.08.03"]
[EventType "swiss"]
[EventRounds "6"]
[SourceDate "2010.09.23"]

1. e4 d5 2. exd5 Qxd5 3. Nc3 Qa5 4. d4 Bf5 5. Nf3 Nf6 6. Bd2 c6 7. Bc4 Qc7 8.
O-O e6 9. h3 Be7 10. Re1 O-O 11. Bg5 Re8 12. Nh4 Nbd7 13. Nxf5 exf5 14. Qd3 Nb6
15. Bb3 Rad8 16. Qxf5 Rxd4 17. Ne2 Rdd8 18. c3 Nbd5 19. Ng3 h6 20. Be3 Bd6 21.
Nh5 Nxh5 22. Qxh5 Re5 23. Qg4 Rde8 24. Kf1 Nxe3+ 25. Rxe3 Rxe3 26. fxe3 Rxe3
27. Qd4 Qe7 28. Rd1 Bc7 29. Qxa7 Bg3 30. Rd8+ Kh7 0-1

[Event "Waikato Open"]
[Site "Hamilton"]
[Date "2012.08.05"]
[Round "6.1"]
[White "Smith, Robert W"]
[Black "Hague, Ben"]
[Result "1/2-1/2"]
[WhiteElo "2333"]
[BlackElo "2436"]
[PlyCount "41"]
[EventDate "2012.08.03"]
[EventType "swiss"]
[EventRounds "6"]
[SourceDate "2010.09.23"]

1. e4 e6 2. d4 d5 3. Nc3 Bb4 4. e5 c5 5. Bd2 cxd4 6. Nb5 Bxd2+ 7. Qxd2 Nc6 8.
f4 Nh6 9. Nf3 O-O 10. O-O-O Nf5 11. Nbxd4 Ncxd4 12. Nxd4 Nxd4 13. Qxd4 Qa5 14.
Kb1 Bd7 15. h4 Bb5 16. h5 Rac8 17. h6 g6 18. Qd2 Qxd2 19. Rxd2 Bxf1 20. Rxf1 f6
21. Re2 {(=)} 1/2-1/2

[Event "Waikato Open"]
[Site "Hamilton"]
[Date "2012.08.05"]
[Round "6.2"]
[White "Duneas, John"]
[Black "Noble, Mark F"]
[Result "1/2-1/2"]
[WhiteElo "2226"]
[BlackElo "2300"]
[PlyCount "26"]
[EventDate "2012.08.03"]
[EventType "swiss"]
[EventRounds "6"]
[SourceDate "2010.09.23"]

1. d4 d5 2. c4 c6 3. Nc3 Nf6 4. Nf3 e6 5. e3 Nbd7 6. Bd3 Bd6 7. O-O O-O 8. Rb1
e5 9. cxd5 cxd5 10. dxe5 Nxe5 11. Nxe5 Bxe5 12. Re1 Re8 13. h3 Be6 1/2-1/2

[Event "Waikato Open"]
[Site "Hamilton"]
[Date "2012.08.05"]
[Round "6.3"]
[White "Hart, Ralph"]
[Black "Garbett, Paul A"]
[Result "1-0"]
[WhiteElo "2272"]
[BlackElo "2338"]
[PlyCount "61"]
[EventDate "2012.08.03"]
[EventType "swiss"]
[EventRounds "6"]
[SourceDate "2010.09.23"]

1. d4 d5 2. c4 dxc4 3. e4 Nc6 4. d5 Ne5 5. Qd4 Ng6 6. Bxc4 e5 7. Qd3 Nf6 8. Ne2
a6 9. O-O b5 10. Bb3 c5 11. Bc2 c4 12. Qd1 Bc5 13. b3 cxb3 14. axb3 O-O 15. Qe1
Ne8 16. Ng3 Nf4 17. Be3 Qb6 18. b4 Bd4 19. Nd2 Qc7 20. Bxd4 exd4 21. Rc1 Qe7
22. Nf3 d3 23. Bb1 Bg4 24. Qe3 Ne2+ 25. Nxe2 dxe2 26. Rfe1 Qxb4 27. Ne5 Nf6 28.
Nc6 Qb2 29. f3 Rfe8 30. Qd3 Bh5 31. Rc2 1-0

[Event "Waikato Open"]
[Site "Hamilton"]
[Date "2012.08.05"]
[Round "6.4"]
[White "Pinic, Noel"]
[Black "Burns, Christopher J"]
[Result "1-0"]
[WhiteElo "2251"]
[BlackElo "2097"]
[PlyCount "25"]
[EventDate "2012.08.03"]
[EventType "swiss"]
[EventRounds "6"]
[SourceDate "2010.09.23"]

1. c4 e5 2. Nc3 g6 3. Nf3 Nc6 4. g3 Nh6 5. d4 exd4 6. Nxd4 Qf6 7. Bxh6 Bxh6 8.
Ndb5 O-O 9. Nxc7 Ne5 10. N3d5 Qd6 11. Nxa8 Nxc4 12. Bg2 Nd2 13. e3 1-0

[Event "Waikato Open"]
[Site "Hamilton"]
[Date "2012.08.05"]
[Round "6.5"]
[White "Lim, Benji"]
[Black "Lynn, K William"]
[Result "1-0"]
[WhiteElo "2056"]
[BlackElo "1882"]
[PlyCount "137"]
[EventDate "2012.08.03"]
[EventType "swiss"]
[EventRounds "6"]
[SourceDate "2010.09.23"]

1. e4 d6 2. d4 g6 3. c4 Nf6 4. Nc3 Bg7 5. f3 O-O 6. Be3 c5 7. d5 Nbd7 8. Qd2
Re8 9. Bh6 Bh8 10. g4 Ne5 11. h3 a6 12. a4 Qa5 13. f4 Ned7 14. Bd3 e5 15. f5
Nf8 16. Nf3 Bd7 17. O-O Re7 18. Qg5 Be8 19. Qh4 Rc7 20. Bxf8 Kxf8 21. fxg6 fxg6
22. Nxe5 dxe5 23. g5 Rf7 24. gxf6 Qb6 25. d6 Qxd6 {(=)} 26. Nd5 Bc6 27. Qh6+
Ke8 28. Be2 Bxd5 29. Rad1 Qf8 {(=)} 30. Qxf8+ Rxf8 31. Rxd5 Bxf6 32. Rxc5 Rd8
33. Bg4 b6 34. Rc6 Be7 35. Rxf8+ Kxf8 36. Kf1 Bc5 37. a5 Rb8 38. Bc8 Bd4 39.
axb6 Rxb6 40. Rxb6 Bxb6 41. Bxa6 Bc5 42. Ke2 Ke7 43. Kd3 g5 44. Bc8 Bb4 45. Kc2
Kd6 46. Bg4 Kc5 {(=)} 47. Kd3 h6 48. Bh5 Be1 49. Bf7 Bf2 50. Ke2 Bd4 51. b3 Kb4
52. Kf3 Bc5 53. Kg4 Be3 54. Kf5 Bf4 55. Bh5 Kc5 56. Bg4 Kd4 {(=)} 57. Bf3 Kc5
58. Ke6 Bg3 59. Bd1 Bf4 60. Bc2 Bg3 61. Bd1 Bf4 62. Be2 Bg3 63. b4+ Kxb4 64.
Kd6 Bf2 65. Kxe5 Kc5 66. Kf5 Kd6 67. Bh5 Bg3 68. Bg4 Be5 69. c5+ 1-0

[Event "Waikato Open"]
[Site "Hamilton"]
[Date "2012.08.05"]
[Round "6.6"]
[White "Stuart, Peter W"]
[Black "Ang, Alphaeus WeiErn"]
[Result "1-0"]
[WhiteElo "2107"]
[BlackElo "1814"]
[PlyCount "145"]
[EventDate "2012.08.03"]
[EventType "swiss"]
[EventRounds "6"]
[SourceDate "2010.09.23"]

1. c4 Nf6 2. Nc3 g6 3. e4 d6 4. d4 Bg7 5. Be2 O-O 6. Bg5 h6 7. Be3 Nbd7 8. Qd2
Kh7 9. g4 Ne8 10. h4 e5 11. d5 a6 12. h5 g5 13. f3 f6 14. Nh3 b6 15. Nf2 Bb7
16. O-O Qe7 17. b4 Bh8 18. Rfc1 a5 19. a3 axb4 20. axb4 Ng7 21. Qb2 Rxa1 22.
Rxa1 Ra8 23. Rxa8 Bxa8 24. Qa3 Qf8 25. Bd1 Bb7 26. Nd3 Qa8 27. Qxa8 Bxa8 28.
Ba4 Nf8 29. c5 bxc5 30. bxc5 dxc5 31. Nxc5 Kg8 32. Na6 Kf7 33. Nxc7 Bb7 34. Bc5
Bc8 35. N3b5 Bd7 36. Nd6+ Kg8 37. Bb3 Nh7 38. Kf2 Nf8 39. Ke3 Nh7 40. Kd3 Nf8
41. Kc3 Nh7 42. Kb4 Nf8 43. Ka5 Nh7 44. Kb6 Nf8 45. Kb7 Nh7 46. Nc8 Ne8 47.
Nxe8 Bxe8 48. Kc7 Nf8 49. Bxf8 Kxf8 50. d6 Bg7 51. d7 Bxd7 52. Kxd7 Bh8 53. Ke6
Bg7 54. Ne7 Ke8 55. Ng6 Bf8 56. Ba4+ Kd8 57. Nxf8 Kc7 58. Kxf6 Kd6 59. Kg7 Ke7
60. Bb5 Kd6 61. Kxh6 Ke7 62. Kg7 Kd6 63. h6 Ke7 64. h7 Kd6 65. h8=Q Kc5 66.
Ne6+ Kxb5 67. Qc8 Kb4 68. Kf6 Kb3 69. Kxe5 Kb4 70. Qc5+ Kb3 71. Nd4+ Kb2 72.
Qc2+ Ka3 73. Qb3# 1-0

[Event "Waikato Open"]
[Site "Hamilton"]
[Date "2012.08.05"]
[Round "6.7"]
[White "Nolan, Graham"]
[Black "Mukkattu, Philip"]
[Result "1-0"]
[WhiteElo "1657"]
[BlackElo "1788"]
[PlyCount "63"]
[EventDate "2012.08.03"]
[EventType "swiss"]
[EventRounds "6"]
[SourceDate "2010.09.23"]

1. e4 d5 2. exd5 Qxd5 3. Nc3 Qa5 4. d4 Bf5 5. Bd3 Nf6 6. Qf3 Bxd3 7. Qxd3 e6 8.
Nf3 Be7 9. O-O O-O 10. Bf4 c6 11. Rfe1 Nbd7 12. Ne5 Nb6 13. Ne4 Nbd5 14. Bg3
Nxe4 15. Qxe4 Nf6 16. Qe2 Qb6 17. c3 Rad8 18. Rad1 Rd5 19. h3 c5 20. dxc5 Qxc5
21. Rxd5 Qxd5 22. Qf3 Qd2 23. Qe2 Rd8 24. Nf3 Qd5 25. Qe5 Qxa2 26. Qc7 Rd7 27.
Qc8+ Bf8 28. Bh4 Qd5 29. Ne5 Re7 30. Ng4 Qf5 31. Bxf6 gxf6 32. Nh6+ 1-0

[Event "Waikato Open"]
[Site "Hamilton"]
[Date "2012.08.05"]
[Round "6.8"]
[White "Wagner, Stefan"]
[Black "Bennett, Hilton P"]
[Result "1/2-1/2"]
[WhiteElo "1942"]
[BlackElo "2117"]
[PlyCount "82"]
[EventDate "2012.08.03"]
[EventType "swiss"]
[EventRounds "6"]
[SourceDate "2010.09.23"]

1. e4 g6 2. d4 Bg7 3. c4 d6 4. Nc3 Nf6 5. Bd3 O-O 6. Nge2 e5 7. dxe5 dxe5 8.
O-O c6 9. h3 Na6 10. Be3 Qe7 11. Qc1 Rd8 12. Rd1 Nc5 13. Bc2 Rxd1+ 14. Qxd1 Be6
15. b3 Rd8 16. Qb1 b6 17. Ng3 Bc8 18. Qf1 Ne6 19. Rd1 Nd4 20. Bb1 Ne8 21. Nce2
Nc7 22. Qe1 Nce6 23. Kh1 h5 24. Nxd4 exd4 25. Bc1 Qf6 26. Qd2 Qh4 27. Nf1 Be5
28. Nh2 Qf4 29. Nf3 Qxd2 30. Bxd2 Bg7 31. Bc1 c5 32. Kg1 Bb7 33. Kf1 Re8 34.
Re1 Kh7 35. Ng5+ Nxg5 36. Bxg5 f6 37. Bc1 Bh6 38. Bxh6 Kxh6 39. h4 Kg7 40. f4
Bc6 41. Bd3 Kf7 {(=)} 1/2-1/2

[Event "Waikato Open"]
[Site "Hamilton"]
[Date "2012.08.05"]
[Round "6.9"]
[White "Zhang, William Jiewen"]
[Black "Dolejs, Dan"]
[Result "0-1"]
[WhiteElo "1864"]
[BlackElo "1822"]
[PlyCount "48"]
[EventDate "2012.08.03"]
[EventType "swiss"]
[EventRounds "6"]
[SourceDate "2010.09.23"]

1. d4 d5 2. c4 e6 3. Nc3 Nf6 4. cxd5 exd5 5. Bg5 Nbd7 6. e3 c6 7. Bd3 Be7 8.
Qc2 h6 9. Bh4 O-O 10. Nf3 Re8 11. O-O Nf8 12. Rab1 Bg4 13. Ne5 Be6 14. b4 Ng4
15. Bxe7 Qxe7 16. Nxg4 Bxg4 17. a4 Qg5 18. Kh1 Bd7 19. b5 Re6 20. Rb2 Ng6 21.
f4 Qg4 22. Bf5 Qh5 23. g4 Qh3 24. Bxe6 Qxf1# 0-1

[Event "Waikato Open"]
[Site "Hamilton"]
[Date "2012.08.05"]
[Round "6.10"]
[White "Lyall, Simon"]
[Black "Wright, Caleb"]
[Result "1/2-1/2"]
[WhiteElo "1880"]
[BlackElo "1979"]
[PlyCount "55"]
[EventDate "2012.08.03"]
[EventType "swiss"]
[EventRounds "6"]
[SourceDate "2010.09.23"]

1. e4 e6 2. d4 c5 3. c3 d5 4. e5 Qb6 5. Nf3 Nc6 6. a3 f6 7. b4 fxe5 8. Nxe5
Nxe5 9. dxe5 a5 10. Be3 axb4 11. cxb4 d4 12. bxc5 Bxc5 13. Bc1 d3 14. Bxd3
Bxf2+ 15. Kf1 Ne7 16. Nd2 O-O 17. Nf3 Bd4 18. Rb1 Qd8 19. Ke2 Nc6 20. Be4 Bc5
21. Qc2 Nd4+ 22. Nxd4 Qxd4 23. Rf1 Rxf1 24. Kxf1 Qg1+ 25. Ke2 Qf2+ 26. Kd1 Qf1+
27. Kd2 Qf2+ 28. Kd1 {(=)} 1/2-1/2

[Event "Waikato Open"]
[Site "Hamilton"]
[Date "2012.08.05"]
[Round "6.11"]
[White "Shierlaw, Hamish"]
[Black "Rossiter, Philip E"]
[Result "0-1"]
[WhiteElo "1628"]
[BlackElo "1810"]
[PlyCount "144"]
[EventDate "2012.08.03"]
[EventType "swiss"]
[EventRounds "6"]
[SourceDate "2010.09.23"]

1. e4 c5 2. Nf3 d6 3. d4 cxd4 4. Nxd4 Nf6 5. Nc3 a6 6. Be2 e6 7. O-O Be7 8. Be3
Nc6 9. Qd2 Qc7 10. a4 b6 11. f4 Bb7 12. Bf3 Rc8 13. Kh1 O-O 14. Qf2 Nd7 15.
Rad1 Na5 16. Rfe1 Nc4 17. Rb1 Nxe3 18. Qxe3 Bf6 19. Rbd1 g6 20. Qd2 Rfd8 21.
Qe3 e5 22. fxe5 Bxe5 23. Re2 Nf6 24. Nd5 Bxd5 25. exd5 Re8 26. Qd3 Qc4 27. Nc6
Qxd3 28. Rxd3 Nd7 29. b3 Kg7 30. Bg4 f5 31. Bf3 Kf6 32. Rd1 Bc3 33. Rd3 Rxe2
34. Bxe2 Be5 35. Rd1 a5 36. Bf3 Nc5 37. Na7 Re8 38. Nc6 Bc3 39. h3 Re3 40. Kg1
Be5 41. Kf1 Bg3 42. Na7 Rc3 43. Rd2 Ne4 44. Bxe4 fxe4 45. Nb5 Re3 46. Re2 Rxe2
47. Kxe2 Ke5 48. c4 Bf4 49. Kf2 Bd2 50. Ke2 Bb4 51. Ke3 Bc5+ 52. Ke2 Kf4 53.
Kf1 Kg3 54. Nc3 Kf4 55. Ne2+ Ke3 56. Nc3 Kd3 57. Ne2 e3 58. Ke1 Bb4+ 59. Kd1
Bd2 60. g3 g5 61. h4 h6 62. hxg5 hxg5 63. g4 Ke4 64. Ng1 Kf4 65. Ke2 Kxg4 66.
Nf3 Bc1 67. Nd4 Kf4 68. Nb5 Ke5 69. Nc3 g4 70. Nd1 Ke4 71. Ke1 g3 72. Kf1 g2+
0-1